书目信息 |
| 题名: |
海底管道涂层技术
|
|
| 作者: | 乔军平 编著 | |
| 分册: | ||
| 出版信息: | 北京 化学工业出版社 2024.10 |
|
| 页数: | 309页 | |
| 开本: | 24cm | |
| 丛书名: | ||
| 单 册: | ||
| 中图分类: | U175.2 | |
| 科图分类: | ||
| 主题词: | 海底管线--hai di guan xian--管道施工--涂层--技术 | |
| 电子资源: | ||
| ISBN: | 978-7-122-46173-5 | |
| 000 | 01383nam0 2200265 450 | |
| 001 | 91076 | |
| 005 | 20250816155213.92 | |
| 010 | @a978-7-122-46173-5@dCNY168.00 | |
| 100 | @a20241022d2024 em y0chiy50 ea | |
| 101 | 0 | @achi |
| 102 | @aCN@b110000 | |
| 105 | @aak a 000yy | |
| 106 | @ar | |
| 200 | 1 | @a海底管道涂层技术@Ahai di guan dao tu ceng ji shu@d= Coating technology of subsea pipeline@f乔军平编著@zeng |
| 210 | @a北京@c化学工业出版社@d2024.10 | |
| 215 | @a309页@c图@d24cm | |
| 314 | @a乔军平, 教授级高级工程师, 现就职于天华化工机械及自动化研究设计院有限公司 (隶属中国中化控股有限责任公司), 是中国腐蚀与防护学会理事、中国腐蚀与防护学会化工过程专业委员会副主任委员、中国化工学会专家库专家、全国防腐蚀标准化技术委员会委员、中国石油工程建设协会管道设备保温与防护专委会防腐保温技术专家。 | |
| 320 | @a有书目 | |
| 330 | @a本书主要介绍了海底管道的腐蚀环境, 不同腐蚀环境下涂层的选择, 海底管道的设计、铺设与运行。并对海底管道涂层的结构类型、成型工艺及设备, 包括海底管道的干湿保温涂层、混凝土配重层、配重管道辅助防滑层、海底管道涂层补口、海底管道修复及损伤等技术进行了详细讲解, 相关内容在其他书籍中未详述或出现。 | |
| 510 | 1 | @aCoating technology of subsea pipeline@zeng |
| 606 | 0 | @a海底管线@Ahai di guan xian@x管道施工@x涂层@x技术 |
| 690 | @aU175.2@v5 | |
| 701 | 0 | @a乔军平@Aqiao jun ping@4编著 |
| 801 | 0 | @aCN@c20250909 |
| 905 | @a河南城建学院图书馆@dU175.2@eQ320@f1 | |
| 海底管道涂层技术= Coating technology of subsea pipeline/乔军平编著.-北京:化学工业出版社,2024.10 |
| 309页:图;24cm |
| ISBN 978-7-122-46173-5:CNY168.00 |
| 本书主要介绍了海底管道的腐蚀环境, 不同腐蚀环境下涂层的选择, 海底管道的设计、铺设与运行。并对海底管道涂层的结构类型、成型工艺及设备, 包括海底管道的干湿保温涂层、混凝土配重层、配重管道辅助防滑层、海底管道涂层补口、海底管道修复及损伤等技术进行了详细讲解, 相关内容在其他书籍中未详述或出现。 |
| ● |
| 相关链接 |
|
|
|
正题名:海底管道涂层技术
索取号:U175.2/Q320
 
预约/预借
| 序号 | 登录号 | 条形码 | 馆藏地/架位号 | 状态 | 备注 |
| 1 | 1625038 | 216250385 | 自科库501/501自科库 49排3列1层/ [索取号:U175.2/Q320] | 在馆 |